| 000 | 01065cam a2200253 a 4500 | ||
|---|---|---|---|
| 001 | 2488918 | ||
| 005 | 20080422111048.0 | ||
| 008 | 911108s1992 nyua 001 0 eng | ||
| 010 | _a 91042571 | ||
| 020 | _a0023437359 | ||
| 040 |
_aDLC _cDLC _dDLC |
||
| 050 | 0 | 0 |
_aT353 _b.P848 1992 |
| 082 | 0 | 0 |
_a604.2 _220 _bGIE |
| 245 | 0 | 0 |
_aPrinciples of technical drawing / _cFrederick E. Giesecke ... [et al.]. |
| 260 |
_aNew York : _bMacmillan ; _aToronto : _bCollier Macmillan Canada ; _aNew York : _bMaxwell Macmillan International, _c1992. |
||
| 300 |
_a1 v. (various pagings) : _bill. ; _c28 cm. |
||
| 500 | _aIncludes index. | ||
| 650 | 0 |
_aMechanical drawing. _97355 |
|
| 700 | 1 |
_aGiesecke, Frederick E. _q(Frederick Ernest), _d1869-1953. _97356 |
|
| 740 | 0 | _aTechnical drawing. | |
| 942 |
_2ddc _cBB |
||
| 999 |
_c12148 _d12148 |
||